| 000 | 00437nam a22001817a 4500 | ||
|---|---|---|---|
| 003 | OSt | ||
| 008 | 230327b |||||||| |||| 00| 0 eng d | ||
| 020 | _a9789356060050 | ||
| 082 | _a658.3 STE | ||
| 100 | _aROBBINS, Stephen P | ||
| 245 | _aEssentials of Organizational Behavior | ||
| 250 | _a15th Ed | ||
| 260 |
_aUP _bPearson _c2022 |
||
| 300 | _a436 | ||
| 650 | _aOrganizational Behavior | ||
| 700 | _aJAMES,PS | ||
| 942 |
_2ddc _cREF |
||
| 999 |
_c11909 _d11909 |
||